[Event "Durban USSA op"]
[Site "Durban"]
[Date "2023.12.07"]
[Round "7"]
[White "Mthembu, Lovers"]
[Black "Mankga, Thabang"]
[Result "1/2-1/2"]
[WhiteElo "1575"]
[BlackElo "1648"]
[PlyCount "108"]
[EventDate "2023.12.04"]
[EventType "swiss"]
[EventRounds "9"]
[EventCountry "RSA"]
[SourceTitle "CB50_2023"]
[SourceDate "2023.12.13"]
[SourceVersion "1"]
[SourceVersionDate "2023.12.13"]
[SourceQuality "1"]

1. e4 c5 2. Nf3 e6 3. c3 d5 4. exd5 Qxd5 5. d4 Nf6 6. Be3 Be7 7. dxc5 Qxd1+ 8. Kxd1 0-0 9. Bc4 Ne4 10. b4 a5 11. Nfd2 Nxd2 12. Nxd2 b6 13. cxb6 axb4 14. cxb4 Bb7 15. Ke2 Bxb4 16. Rab1 Bd6 17. f3 Nd7 18. Ne4 Bb8 19. Rhd1 Ne5 20. Bb3 Ng4 21. Nc5 Nxe3 22. Kxe3 Bc6 23. Nd7 Re8 24. Nxb8 Rexb8 25. Bc4 g6 26. Rd6 Bb7 27. Rd7 Kg7 28. Bxe6 Re8 29. Rxf7+ Kh6 30. Rxb7 Rxe6+ 31. Kf4 Rxa2 32. Ra7 Rxb6 33. Rxb6 Rxa7 34. g4 Kg7 35. h4 Ra4+ 36. Kg3 Ra7 37. Rb4 Kf6 38. Kf4 h6 39. Rb6+ Kf7 40. Rd6 Re7 41. h5 g5+ 42. Kf5 Kg7 43. Rg6+ Kh7 44. Re6 Rf7+ 45. Rf6 Re7 46. f4 gxf4 47. Kxf4 Kg7 48. Rg6+ Kh7 49. Kf5 Rf7+ 50. Rf6 Kg7 51. Rxf7+ Kxf7 52. Ke5 Ke7 53. Kd4 Kf6 54. Ke3 Ke5 1/2-1/2

[Event "Durban USSA op"]
[Site "Durban"]
[Date "2023.12.04"]
[Round "2"]
[White "Reddy, Rai1"]
[Black "Mthembu, Lovers"]
[Result "0-1"]
[WhiteElo "1346"]
[BlackElo "1575"]
[PlyCount "92"]
[EventDate "2023.12.04"]
[EventType "swiss"]
[EventRounds "9"]
[EventCountry "RSA"]
[SourceTitle "CB50_2023"]
[SourceDate "2023.12.13"]
[SourceVersion "1"]
[SourceVersionDate "2023.12.13"]
[SourceQuality "1"]

1. e4 e5 2. Nf3 Nc6 3. Bb5 d6 4. h3 Nf6 5. d3 Be7 6. Be3 0-0 7. 0-0 a6 8. Ba4 b5 9. Bb3 Bb7 10. c3 Kh8 11. Nbd2 d5 12. Bc2 dxe4 13. Nxe4 Nd5 14. Bc5 f5 15. Bxe7 Qxe7 16. Ng3 Rad8 17. Re1 Nf4 18. d4 e4 19. Nxf5 Rxf5 20. Bxe4 Qf7 21. Bxf5 Qxf5 22. Nh4 Qf6 23. Qg4 Rf8 24. Qg3 Ne7 25. Re5 Qxe5 26. dxe5 Ne2+ 27. Kh2 Nxg3 28. Kxg3 g5 29. Nf3 Bxf3 30. gxf3 Nf5+ 31. Kg4 h6 32. Re1 Kg7 33. Re4 Kg6 34. f4 h5+ 35. Kf3 Ne7 36. Kg3 Kf5 37. Kf3 g4+ 38. hxg4+ hxg4+ 39. Ke3 Nd5+ 40. Kd4 c5+ 41. Kxd5 Rd8+ 42. Kc6 Kxe4 43. Kc7 Rd2 44. e6 Kxf4 45. e7 Re2 46. Kd7 Kf3 0-1